Marketing: A new age perspective (Record no. 396959)

MARC details
000 -LEADER
fixed length control field 00532 a2200205 4500
005 - DATE & TIME
control field 20260226112351.0
008 - FIXED-LENGTH DATA ELEMENTS--GENERAL INFORMATION
fixed length control field 260226b |||||||| |||| 00| 0 eng d
020 ## - ISBN
International Standard Book Number 9789359309774
Price 795.00
040 ## - CATALOGING SOURCE
Original cataloging agency VIVEKANANDA LIBRARY
082 ## - DDC NUMBER
Classification number 658.8
Book Number C392M
100 ## - MAIN ENTRY--PERSONAL NAME
Personal name Chaturvedi, Mukesh
245 ## - TITLE STATEMENT
Title Marketing: A new age perspective
260 ## - PUBLICATION, DISTRIBUTION, ETC. (IMPRINT)
Name of publisher, distributor, etc Vikas Publishing House
Date of publication, distribution, etc 2025
Place of publication, distribution, etc Noida
300 ## - PHYSICAL DESCRIPTION
Pages xxiv, 516
650 ## - Subject
Subject Sales Management
650 ## - Subject
Subject Consumer Behavior
650 ## - Subject
Subject Advertising
700 ## - Added Entry Personal Name
Added Entry Personal Name Shukla, A V
942 ## - ADDED ENTRY ELEMENTS (KOHA)
Koha item type Books
Holdings
Withdrawn status Lost status Source of classification or shelving scheme Damaged status Not for loan Location (home branch) Sublocation or collection (holding branch) Shelving location Date acquired Koha issues (times borrowed) Koha full call number Accession No. Koha date last seen Koha item type
    Dewey Decimal Classification     VIVEKANANDA LIBRARY VIVEKANANDA LIBRARY IMSAR Library 19/02/2026   658.8 C392M 420874 19/02/2026 Books
    Dewey Decimal Classification     VIVEKANANDA LIBRARY VIVEKANANDA LIBRARY IMSAR Library 19/02/2026   658.8 C392M 420871 19/02/2026 Books
    Dewey Decimal Classification     VIVEKANANDA LIBRARY VIVEKANANDA LIBRARY IMSAR Library 19/02/2026   658.8 C392M 420872 19/02/2026 Books
    Dewey Decimal Classification     VIVEKANANDA LIBRARY VIVEKANANDA LIBRARY IMSAR Library 19/02/2026   658.8 C392M 420873 19/02/2026 Books
© Designed and Maintained by Vivekananda Library, MDU Rohtak